Normal view
MARC view
- Riddle,Douglas f
Entry Personal Name
001 - CONTROL NUMBER
- control field: 4785
003 - CONTROL NUMBER IDENTIFIER
- control field: JO-AjAnu
005 - DATE AND TIME OF LATEST TRANSACTION
- control field: 20230606071059.0
008 - FIXED-LENGTH DATA ELEMENTS
- fixed length control field: 230606|| aca||aabn | a|a d
040 ## - CATALOGING SOURCE
- Original cataloging agency: JO-AjAnu
- Transcribing agency: JO-AjAnu
100 ## - HEADING--PERSONAL NAME
- Personal name: Riddle,Douglas f
670 ## - SOURCE DATA FOUND
- Source citation: Work cat.: (JO-AjAnu)2476: Riddle,Douglas f, author, Analytical Geometry